| 000 | 00566nam a2200169 a 4500 | ||
|---|---|---|---|
| 005 | 20210223123124.0 | ||
| 008 | 991125s1995 mx 000 0 spa u | ||
| 035 | _aUPN01000047897 | ||
| 049 | _aC | ||
| 050 | 4 |
_aQH541.2 _bP76 |
|
| 245 | 0 | 0 |
_aPrograma universitario de medio ambiente : _bcursos de actualización / _ccomp. Daniel R. Camacho. |
| 260 |
_aMéxico : _bUNAM, Coordinación de la Investigación Científica, _c1995. |
||
| 300 | _a35 p. | ||
| 650 | 4 |
_aPOLITICA AMBIENTAL - _vPLANES Y PROGRAMAS _91377 |
|
| 700 | 1 |
_aCamacho, Daniel R., _ecomp. |
|
| 905 | _aLibro | ||
| 999 |
_c47897 _d47897 |
||